| 000 | 01504cam a2200409 i 4500 | ||
|---|---|---|---|
| 001 | 46539 | ||
| 003 | Mx-PuUPA | ||
| 005 | 20260606110700.0 | ||
| 008 | 140415s2025 mx gr 000 f spa d | ||
| 020 | _a9786073930727 | ||
| 040 |
_aMX-PuUPA _bspa _erda _cMx-PuUPA _dMx-PuUPA |
||
| 041 | 1 |
_aspa _heng |
|
| 100 | 1 |
_aBrown, Dan, _d1964- _99971 _eautor |
|
| 240 | 1 | 4 |
_aThe secret of secrets. _lEspañol |
| 245 | 1 | 3 |
_aEl último secreto / _cDan Brown ; traducción de Aleix Montoto y Claudia Conde |
| 250 |
_aPrimera edición / _bseptiembre |
||
| 264 | 1 |
_aCiudad de México : _bEditorial Planeta Mexicana, _c©2025 |
|
| 300 |
_a828 páginas ; _c23 cm |
||
| 336 |
_2rdacontent _atexto _btxt |
||
| 337 |
_2rdamedia _asin medio _bn |
||
| 338 |
_2rdacarrier _avolumen _bnc |
||
| 600 | 1 | 4 |
_aLangdon, Robert (Personaje ficticio) _vNovela |
| 650 | 7 |
_2armarc _aProfesores universitarios _vNovela |
|
| 650 | 7 |
_2armarc _aCientíficas _vNovela |
|
| 650 | 7 |
_2armarc _aSimbolismo _vNovela |
|
| 650 | 7 |
_2armarc _aConciencia _xInvestigación _vNovela |
|
| 650 | 7 |
_2armarc _aMente y cuerpo _xInvestigación _vNovela |
|
| 650 | 7 |
_2armarc _aPersonas desaparecidas _vNovela |
|
| 650 | 7 |
_2armarc _aMisticismo _vNovela |
|
| 700 | 1 |
_aMontoto, Aleix, _etraductor |
|
| 700 | 1 |
_aConde, Claudia, _etraductor |
|
| 765 | 0 |
_aBrown, Dan, 1964- _tThe secret of secrets. |
|
| 942 |
_2ddc _cLI _h813.54 _iB8618 |
||
| 999 |
_c46539 _d46539 |
||